Loading...
Literature - European Literature | 0 | 8 | 0 | 1 | 80 | 67 | 114.88 | 0 | 2 |
Fine Arts - Visual Fine Arts | 0 | 7 | 0 | 3 | 70 | 91 | 113.86 | 0 | 1 |
Literature - World/Other Literature | 0 | 6 | 1 | 0 | 55 | 62 | 119.33 | 0 | 1 |
Religion | 0 | 6 | 2 | 1 | 50 | 99 | 115.33 | 0 | 3 |
History - World History | 0 | 5 | 0 | 0 | 50 | 45 | 81.40 | 1 | 3 |
Mythology | 0 | 6 | 3 | 0 | 45 | 27 | 58.00 | 1 | 5 |
History - Other History | 0 | 5 | 1 | 1 | 45 | 77 | 105.20 | 0 | 1 |
Fine Arts - Classical Music | 0 | 4 | 0 | 0 | 40 | 34 | 110.25 | 1 | 1 |
Literature - British Literature | 0 | 4 | 0 | 0 | 40 | 77 | 105.75 | 0 | 1 |
Philosophy | 0 | 4 | 0 | 2 | 40 | 111 | 125.50 | 0 | 0 |
Geography/Current Events | 0 | 3 | 0 | 1 | 30 | 63 | 91.67 | 1 | 3 |
Social Science | 0 | 3 | 0 | 2 | 30 | 93 | 107.67 | 0 | 1 |
Fine Arts - Other Fine Arts | 0 | 3 | 0 | 0 | 30 | 118 | 131.33 | 0 | 1 |
Literature - American Literature | 0 | 3 | 1 | 0 | 25 | 81 | 101.00 | 0 | 2 |
History - American History | 0 | 3 | 1 | 0 | 25 | 75 | 86.67 | 0 | 2 |
History - European History | 0 | 2 | 1 | 0 | 15 | 63 | 87.00 | 0 | 1 |
Science - Biology | 0 | 1 | 0 | 0 | 10 | 110 | 110.00 | 0 | 0 |
Science - Other Science | 0 | 1 | 0 | 0 | 10 | 90 | 90.00 | 0 | 1 |
Science - Chemistry | 0 | 1 | 1 | 0 | 5 | 93 | 93.00 | 0 | 0 |